Razrušenije. Tom 1

Salvato in:
Dettagli Bibliografici
Natura: Libro
Lingua:russo
Pubblicazione: Moskva : Mir, 1973
Soggetti:
Tags: Aggiungi Tag
Nessun Tag, puoi essere il primo ad aggiungerne!!

MARC

LEADER 00000nam a22000003a 4500
001 stu41283
005 20141122045559.4
008 931118s1973----xxr-----------------rus-d
040 |a STU  |b slo 
041 0 |a rus 
044 |a xxr 
080 |a 539.42  |7 stu_us_auth*stu3142 
245 |a Razrušenije. Tom 1 
260 |a Moskva :  |b Mir,  |c 1973 
300 |a 615 s 
650 7 |a lomy  |2 stusub 
996 |b 284M004646  |c M*3263/1-1  |l MMKN  |s A  |a 24  |w stu41283_0001